Nanotechnology (Record no. 1213876)

MARC details
000 -LEADER
fixed length control field 00922nam a2200289Ia 4500
003 - CONTROL NUMBER IDENTIFIER
control field OSt
005 - DATE AND TIME OF LATEST TRANSACTION
control field 20221007124642.0
008 - FIXED-LENGTH DATA ELEMENTS--GENERAL INFORMATION
fixed length control field 221006b |||||||| |||| 00| 0 eng d
020 ## - INTERNATIONAL STANDARD BOOK NUMBER
International Standard Book Number 9788132205302 (pbk)
037 ## - SOURCE OF ACQUISITION
Terms of availability Textual
040 ## - CATALOGING SOURCE
Original cataloging agency CDL
Transcribing agency CDL
Language of cataloging eng
041 ## - LANGUAGE CODE
Source of code eng
Language code of text/sound track or separate title eng
100 ## - MAIN ENTRY--PERSONAL NAME
Personal name Timp Gregory Ed.
9 (RLIN) 438474
245 #0 - TITLE STATEMENT
Title Nanotechnology
260 ## - PUBLICATION, DISTRIBUTION, ETC.
Place of publication, distribution, etc. New
Name of publisher, distributor, etc. Deli Springer
Date of publication, distribution, etc. 1999
300 ## - PHYSICAL DESCRIPTION
Extent vii, 696p. ill.
Dimensions cm.
500 ## - GENERAL NOTE
General note Index 689-696p.; Reprint 2012.
650 ## - SUBJECT ADDED ENTRY--TOPICAL TERM
Topical term or geographic name entry element Atom optics
9 (RLIN) 719985
650 ## - SUBJECT ADDED ENTRY--TOPICAL TERM
Topical term or geographic name entry element Nanometer-scale
9 (RLIN) 719986
650 ## - SUBJECT ADDED ENTRY--TOPICAL TERM
Topical term or geographic name entry element Conventional lithography
9 (RLIN) 719987
942 ## - ADDED ENTRY ELEMENTS (KOHA)
Classification part C21, N9;4-;8 Carc
Koha item type Textual
Source of classification or shelving scheme Colon Classification (CC)
Holdings
Withdrawn status Lost status Source of classification or shelving scheme Damaged status Not for loan Home library Current library Date acquired Source of acquisition Total Checkouts Full call number Barcode Date last seen Price effective from Koha item type
    Colon Classification (CC)     Department of Chemistry Library Department of Chemistry Library 2022-10-07 3956, 12/03/2015, Educational Book Agency (India)   C21 N9;4-;8 Carc CD0008835 2022-10-07 2022-10-07 Textual
Copyright @ Delhi University Library System